History Quiz

Random History or Clickable Quiz

Last Ten British Monarchs Blitz Quiz Stats

 Plays Quiz Updated Apr 9, 2020

     
Support Sporcle.
Go Orange.
Score 0/10 Timer 01:00
3 Plays Today
% Correct
Elizabeth II
98.6%
George VI
88%
Edward VIII
80.3%
George V
75.4%
Victoria
75.1%
George II
68.7%
George III
67.6%
George IV
63%
Edward VII
62.4%
William IV
48.8%

From the Vault

Green Eggs and Ham

by Booger

Dr. Seuss's publisher bet $50 that Seuss could not write a book using only 50 distinct words. We are shocked that gambling had such a prominent place in children's literature.
Remove Ads.
Support Sporcle.
Get the best of Sporcle when you Go Orange. This ad-free experience offers more features, more stats, and more fun while also helping to support Sporcle. Thank you for becoming a member.

Show Comments

Extras

Top Quizzes Today


Score Distribution

Your Account Isn't Verified!

In order to create a playlist on Sporcle, you need to verify the email address you used during registration. Go to your Sporcle Settings to finish the process.

Report this User

Report this user for behavior that violates our Community Guidelines.

Details: